000 00360cam a22001337a 4500
008 180718b1989 xxu||||| |||| 00| 0 eng d
082 _aXA4601x5461 Si64
100 _aJaspal Singh
245 _aDelhi rent control act
_cby Jaspal Singh
250 _a4th ed.
260 _aDelhi
_bPioneer
_c1989
300 _a554p.
650 _aRent - Regulation - India - Delhi
999 _c353249
_d353249